00482 a2200121 4500001001000000005001700010008004100027245016500068100001800233700001600251773007600267999001700343ART_4481320260410162024.0260409a 10aNuevos enfoques sobre las cuentas nacionales de transferencias para la política fiscal, los programas sociales y las transferencias familiares de los países1 aMason, Andrew1 aLee, Ronald0 tNotas de poblacióng- Año XXXVII, Nº 90 (ene./jun. 2010)wREV41841 c33372d33372